<?xml version="1.0" encoding="UTF-8"?>
<collection xmlns="http://www.loc.gov/MARC21/slim">
  <record>
    <leader>00000nam  2200000   4500</leader>
    <controlfield tag="001">INLIS000000000047424</controlfield>
    <controlfield tag="005">20200812013012</controlfield>
    <datafield tag="035" ind1="#" ind2="#">
      <subfield code="a">0010-111500000000028</subfield>
    </datafield>
    <controlfield tag="008">200812################g##########0#ind##</controlfield>
    <datafield tag="082" ind1="#" ind2="#">
      <subfield code="a">2x8. 2</subfield>
    </datafield>
    <datafield tag="100" ind1="#" ind2="#">
      <subfield code="a">Alnimr, Abdul mun'im</subfield>
    </datafield>
    <datafield tag="245" ind1="1" ind2="#">
      <subfield code="a">Syi'ah,Imam Mahdi dan duruz :</subfield>
      <subfield code="b">Sejarah dan fakta /</subfield>
      <subfield code="c">Abdul mun'im al-nimr; Penerjemah, Ali mustafa ya'qub</subfield>
    </datafield>
    <datafield tag="250" ind1="#" ind2="#">
      <subfield code="a">Cet. 1</subfield>
    </datafield>
    <datafield tag="260" ind1="#" ind2="#">
      <subfield code="a">Jakarta :</subfield>
      <subfield code="b">Qisthi Press,</subfield>
      <subfield code="c">2003</subfield>
    </datafield>
    <datafield tag="300" ind1="#" ind2="#">
      <subfield code="a">373 Hlm ;</subfield>
      <subfield code="c">14, 5 x 23 cm.</subfield>
    </datafield>
    <datafield tag="850" ind1="#" ind2="#">
      <subfield code="a">NBPNMAT</subfield>
    </datafield>
    <datafield tag="084" ind1="#" ind2="#">
      <subfield code="a">2x8. 2 ALN s</subfield>
    </datafield>
    <datafield tag="650" ind1="#" ind2="4">
      <subfield code="a">Sejarah islam</subfield>
    </datafield>
    <datafield tag="990" ind1="#" ind2="#">
      <subfield code="a">10311878</subfield>
    </datafield>
  </record>
</collection>
